Türkiye maliye tarihi (Record no. 5616)

MARC details
000 -BAŞLIK
Sabit Uzunlukta Kontrol Alanı 00730na a2200241 4500
001 - KONTROL NUMARASI
Denetim Alanı 18641
003 - KONTROL NUMARASI IDENTIFIER
Denetim Alanı MIRAKIL
005 - SON İŞLEM TARİHİ VE ZAMANI
Denetim Alanı 20181213155042.0
008 - SABİT-BOY VERİ ELEMANLARI - GENEL BİLGİLER
Sabit Uzunlukta Kontrol Alanı 161122b tu 000 0
040 ## - KATALOGLAMA KAYNAK
Orijinal Kataloglama Ajansı Milas
Kataloglama Dili tur
Metne Dönüştürmek Ajansı TR-AnCHP
041 ## - DİL KODU
Metin / Ses Parça Veya Ayrı Başlığın Dil Kodu tur
082 ## - DEWEY ONLU SINIFLANDIRMA NUMARASI
Sınıflandırma Numarası 336.09561
Ürün Numarası V34t 1978
090 ## - SINIFLAMA NUMARASI
Sınıflama Numarası 336.09561 V34t 1978
100 ## - ANA GİRİŞ - KİŞİSEL İSİM
Kişisel Ad Velay, A. du
245 ## - BAŞLIK TABLOSU
Başlık Türkiye maliye tarihi
Sorumluluk Tablosu, Vb A. du Velay, derleyen : Maliye Tetkik Kurulu
260 ## - YAYIN, DAĞITIM, VB
Yayın, Dağıtım, Vb Yeri [Ankara]
Yayıncı, Dağıtıcı, Vs Adı Maliye Bakanlığı Tetkik Kurulu
Yayın, Dağıtım, Vb Tarihi 1978
300 ## - FİZİKSEL TANIM
Kapsam 482 s.
Diğer Fiziksel Ayrıntıları tbl.;
Boyutlar 23 sm.
490 ## - SERİSİ TABLOSU
Seri Beyanı Maliye Bakanlığı Tetkik Kurulu Neşriyatı
Hacim / Ardışık Tanımı No.178-1978
650 ## - KONU KATMA GİRİŞ - TOPİKAL DÖNEM
Topikal Süreli Veya Coğrafi Ad Giriş Elemanı Kamu maliyesi
Genel Alt Bölümü tarih
651 ## - KONU KATMA GİRİŞ - COĞRAFİ ADI
Coğrafi İsim Türkiye
Genel Alt Bölümü maliye
710 ## - KATMA GİRİŞ - KURUMSAL ADI
Giriş Elemanı Olarak Kurumsal Ad Veya Yargı Alanı Adı Maliye Tetkik Kurulu
942 ## - EKLENDİ GİRİŞ ELEMANLARI (KOHA)
Sınıflandırma Veya Raf Düzeni Kaynak Dewey Decimal Classification
Koha Öğesi Türü Books
999 ## - SİSTEM KONTROL NUMARALARI (KOHA)
Koha Biblionumber 5616
Koha Biblioitemnumber 5616
Holdings
Kalıcı Konum Mevcut Konum Edinme Tarihi Edinim Kaynak Toplam Check-Out'Lar Tam Çağrı Numarası Barkod Tarih Son Görülme İtibaren Geçerli Fiyatlar Koha Öğesi Türü
CHP Kütüphanesi CHP Kütüphanesi 11/22/2016 Bağış   336.09561 V34t 1978 009953 11/22/2016 11/22/2016 Books